| 000 | 00385nam a2200145Ia 4500 | ||
|---|---|---|---|
| 003 | GCL | ||
| 008 | 140319s9999 xx 000 0 ara d | ||
| 040 |
_aGCL / _cGCL |
||
| 082 | 0 | 4 |
_a221.42 _bE H |
| 245 | 1 | 0 |
_aTHE HOLY QUR'AAN : _bقران مجيد |
| 260 |
_aانجلترا : _bELIASII FAMILY BOOK SERVICE ، _c2000 |
||
| 300 |
_a24 CM ؛ _c603 P |
||
| 650 | 0 | 4 | _aKORAN |
| 942 |
_2ddc _cBK |
||
| 999 |
_c5292 _d5292 |
||